LEADER 01593nam1-2200433---450- 001 990005799840203316 005 20160209112136.0 035 $a000579984 035 $aUSA01000579984 035 $a(ALEPH)000579984USA01 035 $a000579984 100 $a20130123d2012----km-y0itay50------ba 101 0 $aeng 102 $aGB 105 $aa---||||001yy 200 1 $aExcavations at Francavilla Marittima 1991-2004$ematt-painted pottery from the Timpone della Motta 210 $aOxford$cArcheopress$d2012- 215 $avolumi$cill.$d30 cm 225 2 $aBAR international series 410 0$1001000018484$12001$aBAR international series 463 \1$1001990006122970203316$12001 $a<> <> fringe style 463 \1$1001990006123100203316$12001 $a<> <> miniature style 463 \1$1001990006133860203316$12001 $a<> <> cross-hatched bands style 463 \1$1001990006133880203316$12001 $a<> <> undulating bands style 606 1 $aCeramiche$yFrancavilla Marittima 676 $a738.0945 801 0$aIT$bsalbc$gISBD 912 $a990005799840203316 951 $aXI.5. Coll. 12/ 1075$bL.M.$cXI.5. Coll. 959 $aBK 969 $aUMA 979 $aPASSARO$b90$c20130123$lUSA01$h1439 979 $aPASSARO$b90$c20130123$lUSA01$h1442 979 $aPASSARO$b90$c20140117$lUSA01$h1053 979 $aPASSARO$b90$c20140117$lUSA01$h1056 979 $aPASSARO$b90$c20140117$lUSA01$h1058 979 $aALESSANDRA$b90$c20160209$lUSA01$h1121 996 $aExcavations at Francavilla Marittima 1991-2004$91080437 997 $aUNISA LEADER 01047nam2-22003251i-450- 001 990005509990403321 005 20111130094549.0 035 $a000550999 035 $aFED01000550999 035 $a(Aleph)000550999FED01 035 $a000550999 100 $a19990604d1970----km-y0itay50------ba 101 0 $aita 102 $aIT 105 $aa---ac--001yy 200 1 $a1.: Dall'Antichità a tutto il Cinquecento con due saggi introduttivi$fLuigi Grassi 210 $aRoma$cMultigrafica editrice$d1970 215 $a298 p., 133 tav.$d22 cm 320 $aBibliografia: p. 241-285 461 0$1001000550992$12001$aTeorici e storia della critica d'arte$fLuigi Grassi 610 0 $aCritica artistica$aStoria 676 $a701.18$v21$zita 700 1$aGrassi,$bLuigi$04871 801 0$aIT$bUNINA$gRICA$2UNIMARC 901 $aBK 912 $a990005509990403321 952 $a701.18 GRA 1 (1)$bST.ARTE 12278$fFLFBC 959 $aFLFBC 996 $a1.: Dall'Antichità a tutto il Cinquecento con due saggi introduttivi$9609273 997 $aUNINA LEADER 01191nam0-22004091i-450- 001 990003122750403321 005 20101203094808.0 035 $a000312275 035 $aFED01000312275 035 $a(Aleph)000312275FED01 035 $a000312275 100 $a20030910d1988----km-y0itay50------ba 101 0 $aita 102 $aIT 200 1 $a<>main visible des managers$eUne analyse historique$fAlfred D. Chandler, Jr.$gtraduit de l'américain par F.Langer$gPréface de Jean-Michel Saussois. 210 $aParis$cEconomica$d1988. 215 $aXXIV, 635 p.$d24 cm 300 $a[tit.orig.: The Visible Hand : The Managerial Revolution in American Business, 1977] 676 $aE/4.1 676 $aG/3.30 676 $aH/2.12 676 $aH/2.2 676 $aH/3.3 676 $aH/3.5 676 $aH/3.7 676 $aH/4.10 702 1$aChandler,$bAlfred D.$c 702 1$aSaussois,$bJean-Michel 801 0$aIT$bUNINA$gRICA$2UNIMARC 901 $aBK 912 $a990003122750403321 952 $aN6.59$b2583$fDECTS 952 $aG/3.30 CHA$b9615$fSES 959 $aDECTS 959 $aSES 996 $aMain visible des managers$9461416 997 $aUNINA LEADER 00744nam0-22002891i-450- 001 990003047900403321 005 20100510163702.0 035 $a000304790 035 $aFED01000304790 035 $a(Aleph)000304790FED01 035 $a000304790 100 $a20030910d1972----km-y0itay50------ba 101 0 $aita 102 $aIT 200 1 $a<>difficile governo$fGiorgio Galli 210 $aBologna$cIl Mulino$dc1972 215 $a272 p.$d22 cm 676 $a193.40 676 $a195.10 700 1$aGalli,$bGiorgio$f<1928- >$0290205 801 0$aIT$bUNINA$gRICA$2UNIMARC 901 $aBK 912 $a990003047900403321 952 $a19510 GAL/72$b6017/I$fSES 959 $aSES 996 $aDifficile governo$9203517 997 $aUNINA LEADER 01356nam--2200421---450- 001 990002129880203316 005 20090316153215.0 035 $a000212988 035 $aUSA01000212988 035 $a(ALEPH)000212988USA01 035 $a000212988 100 $a20041102d1981----km-y0itay0103----ba 101 $aeng 102 $aUS 105 $a||||||||001yy 200 1 $aEconometric analysis by control methods$fGregory C. Chow 210 $aNew York$cJ. Wiley & Sons$dc1981 215 $aXV, 320 p.$d23 cm 225 2 $aWiley series in probability and mathematical statistics 225 2 $a<> Wiley publication in applied statistics 410 0$12001$aWiley series in probability and mathematical statistics 410 0$12001$a<> Wiley publication in applied statistics 454 1$12001 461 1$1001-------$12001 606 0 $aEconomia matematica 606 0 $aTeorie di controllo 606 0 $aProcessi stocastici 676 $a330.028 700 1$aCHOW,$bGregory C.$0101806 801 0$aIT$bsalbc$gISBD 912 $a990002129880203316 951 $a330.028 CHO 1 (IEP IX 116)$b5571 E.C.$cIEP IX$d00201900 959 $aBK 969 $aECO 979 $aSIAV6$b10$c20041102$lUSA01$h1421 979 $aRSIAV3$b90$c20090316$lUSA01$h1532 996 $aEconometric analysis by control methods$9440509 997 $aUNISA LEADER 01725nas 2200385 n 450 001 990008899440403321 005 20240229084426.0 011 $a1592-9558 035 $a000889944 035 $aFED01000889944 035 $a(Aleph)000889944FED01 035 $a000889944 091 $2CNR$aP 00224294 100 $a20161109a19959999km-y0itaa50------ba 101 0 $amul 102 $aIT 110 $aauu-------- 200 1 $aAnnals of Burns and Fire Disasters$e(Testo stampato) 207 1$a1995- 210 $aPalermo$cMediterranean Burns Club 326 $aTrimestrale 430 0$12001$aAnnals of the Mediterranean Burns Club 530 0 $aAnnals of Burns and Fire Disasters 531 $aANN. BURNS FIRE DISASTERS$bTESTO STAMP. 675 $a616 801 0$aIT$bACNP$c20090723 859 4 $uhttp://acnp.cib.unibo.it/cgi-ser/start/it/cnr/dc-p1.tcl?catno=2363900&person=false&language=ITALIANO&libr=&libr_th=unina1$zBiblioteche che possiedono il periodico 901 $aSE 912 $a990008899440403321 958 $aBiblioteca L.Massimilla. Dipartimento di Ingegneria Chimica dell'Università degli Studi di Napoli Federico II.$b2002-2005;$cLAC.$eArch. Armadio 6$fDINCH 959 $aDINCH 996 $aAnnals of Burns and Fire Disasters$9801003 997 $aUNINA AP1 8 $6866-01$aNA109 Biblioteca L.Massimilla. Dipartimento di Ingegneria Chimica dell'Università degli Studi di Napoli Federico II.$bArch. Armadio 6$eP.le Tecchio, 80, 80125 Napoli (NA)$m0817682592 0817682255$m0812391800$nit AP2 40$aacnp.cib.unibo.it$nACNP Italian Union Catalogue of Serials$uhttp://acnp.cib.unibo.it/cgi-ser/start/it/cnr/df-p.tcl?catno=2363900&language=ITALIANO&libr=&person=&B=1&libr_th=unina&proposto=NO